00640 2200181 4500245005300000020002200053250001100075100002900086700001700115650001700132005001900149260002900168041001400197084001000211300002500221500020300246336000900449 aKamu Harus GalaucDai Muda Muhammad AzharihText a978-602-250-140-4 aCet. 1 aDai Muda Muhammad Azhari aJumi Haryani aAkhlak Mulia a20240226095831 aDepokbGema Insanic2013 aIndonesia a297.5 a200 hlm. :c20.5 cm. a"Buku yang ada di tangan kami ini menyadarkan kamu bahwa suatu hari nanti kamu menyesal jika galau di akhirat, karena tersadar bahwa selama ini terbuai alam mimpi duniawi." - Ust. Bachtiar Nasir, Lc atext